University Home | Library Home | Institutional Repository

The financing and costing of education for all. (Record no. 168948)

MARC details
000 -LEADER
fixed length control field 00752cam9a220024100 4500
001 - CONTROL NUMBER
control field zam00002112
008 - FIXED-LENGTH DATA ELEMENTS--GENERAL INFORMATION
fixed length control field 951128s1991 xx eng u
035 ## - SYSTEM CONTROL NUMBER
System control number (Sirsi) r19491
035 ## - SYSTEM CONTROL NUMBER
System control number (MACHINE)SLC.
100 1# - MAIN ENTRY--PERSONAL NAME
Personal name Kelly, Michael J.
Linkage A6530.1
245 14 - TITLE STATEMENT
Title The financing and costing of education for all.
260 ## - PUBLICATION, DISTRIBUTION, ETC.
Date of publication, distribution, etc. 1991.
591 ## -
-- Class code: ED 401.
591 ## -
-- Course: Educational administration & Management.
591 ## -
-- School: S03.
591 ## -
-- Lecturer: Dr. KELLY, M.J/SIKWIBELE.
591 ## -
-- Number of Students: 36.
949 ## - LOCAL PROCESSING INFORMATION (OCLC)
a KEL1-2FIN
w lcc
i -17380
m MAIN
t BOOK
l ON-SHELF
949 ## - LOCAL PROCESSING INFORMATION (OCLC)
a KEL1-2FIN
w lcc
m MAIN
t BOOK
l ON-SHELF
900 ## - EQUIVALENCE OR CROSS-REFERENCE-PERSONAL NAME [LOCAL, CANADA]
-- MAIN
Field link and sequence number KEL1-2FIN
Titles and other words associated with a name 2
909 ## -
-- Reprint

No items available.

© 2026 - The University of Zambia Library - Koha v25.11